Planificación tributaria: conceptos, teoría y factores a considerar

Guardat en:
Dades bibliogràfiques
Autors principals: Rivas Coronado, Norberto (Autor), Vergara Hernández, Samuel Emilio (Autor)
Format: Llibre
Idioma:espanyol
Publicat: Santiago Magril 2000
Matèries:
Etiquetes: Afegir etiqueta
Sense etiquetes, Sigues el primer a etiquetar aquest registre!

MARC

LEADER 00000nam a2200000 a 4500
001 UCN1058
003 CL-VaPUC
008 010420e20000000CL |||||||||||||||||spa|d
082 0 4 |a 336.2  |b RIV  |2 21 
100 0 |a Rivas Coronado, Norberto  |e author  |9 456428 
700 0 |a Vergara Hernández, Samuel Emilio  |e author  |9 456429 
245 1 0 |a Planificación tributaria: conceptos, teoría y factores a considerar 
300 |a 163 p 
942 |c BK 
945 |d 20010420 00:00:00  |a vberengu 
260 |a Santiago  |b Magril  |c 2000 
650 7 |a SISTEMA TRIBUTARIO  |2 CL-VaPUC  |9 456430 
650 0 |a Tributación   |9 258429 
583 |a last modification  |c 20160929 09:10:10  |k Rodrigo Vera 
999 |c 294651  |d 294649 
952 |0 0  |1 0  |4 0  |6 336_200000000000000_RIV_2000  |7 0  |8 A  |9 347278  |a BIBGIM  |b BIBGIM  |d 2019-11-20  |i 3714861  |o 336.2 RIV 2000  |p 3714861  |r 2025-01-15  |w 2019-11-20  |y BK  |k COM 
952 |0 0  |1 0  |4 0  |6 336_200000000000000_RIV_2000  |7 0  |8 A  |9 347279  |a BIBGIM  |b BIBGIM  |d 2019-11-20  |i 371487K  |o 336.2 RIV 2000  |p 371487K  |r 2025-01-15  |w 2019-11-20  |y BK  |k COM